Представление документа в формате MARC21

Поле Инд. ПП Название Значение
Тип записи a
Библиографический уровень m
001 Контрольный номер 97d75b0055684ae9a4c44c364ba5214e
005 Дата корректировки 20250523120616.5
008 Кодируемые данные 20120416
040 00 e Правила каталог. Л 970922
084 a Индекс другой классификации/Индекс ББК 84(4Вел)52-446
090 00 a Полочн. индекс 84(4Вел)52-446
x Авторский знак Б 885
097 00 a 210
100 10 a Автор Бронте Э.
q Полное имя Бронте Эмили; Bronte Emely Jane
u Дополнение к имени Bronte E. J.
245 00 a Заглавие Грозовой Перевал
b Продолж. заглавия роман
c Ответственность перевод с английского Н. Вольпина; редактор Г. Ф. Фролова; вступительная статья З. Гражданской; оформление А. Озерской, А. Яковлева
246 01 a Другая форма заглавия Wuthering Heghts
260 00 a Место издания Москва
b Издательство Правда
c Дата издания 1988
300 00 a Объем 352 с.
336 a Термин вида содержания Текст
337 a Термин типа средства непосредственный
650 04 a Основная рубрика художественная литература
653 00 a Ключевые слова XIX век
a Ключевые слова английская литература
a Ключевые слова Великобритания
a Ключевые слова любви тема
655 00 a Жанр/ форма (устаревшее) проза
a Жанр/ форма (устаревшее) роман
a Жанр/ форма (устаревшее) лирическая проза
700 10 a Автор Вольпин Н.
e Роль лиц переводчик
700 1_ a Автор Фролова Г. Ф.
e Роль лиц редактор
700 12 a Автор Гражданская З.
e Роль лиц автор вступительной статьи
700 12 a Автор Озерская А.
e Роль лиц оформитель
700 12 a Автор Яковлев А.
e Роль лиц оформитель
901 t Тип документа m
952 a Тип литературы для КСУ ВШ ЛХИ